00512nam a2200169Ia 450000500170000000800410001701600140005804000240007205000150009608200100011110000360012124500610015726000410021830000190025956300100027865000540028820250702140742.0210303s9999 xx 000 0 und d 2reto2022b aNLNbEnglisheAACR2 aDS35b.E84 a950.4 aETINGER, IAkov IAkovlevicheaut 4aThe policy of non-alignment /cIAkov IAkovlevich Etinger aMoscow :bProgress Publishers,c1965 a139p. ;b20cm. a(pbk) aNewly independent statesvPolitics and government